Human rights - a Judge's miscellany / (Record no. 67119)
[ view plain ]
| 000 -LEADER | |
|---|---|
| fixed length control field | 00569nam a22001577a 4500 |
| 005 - DATE AND TIME OF LATEST TRANSACTION | |
| control field | 20120524124515.0 |
| 020 ## - INTERNATIONAL STANDARD BOOK NUMBER | |
| International Standard Book Number | 8170188245 |
| 035 ## - SYSTEM CONTROL NUMBER | |
| System control number | A-759317 |
| 037 ## - SOURCE OF ACQUISITION | |
| Stock number | DPL |
| Source of stock number/acquisition | ENG |
| 100 ## - MAIN ENTRY--PERSONAL NAME | |
| Personal name | Iyer, V.R. Krishna |
| 245 ## - TITLE STATEMENT | |
| Title | Human rights - a Judge's miscellany / |
| Statement of responsibility, etc | by V.R. Krishna Iyer |
| 260 ## - PUBLICATION, DISTRIBUTION, ETC. (IMPRINT) | |
| Place of publication, distribution, etc | Delhi |
| Name of publisher, distributor, etc | B.R. Publishing Corporation |
| Date of publication, distribution, etc | 1995 |
| 300 ## - PHYSICAL DESCRIPTION | |
| Extent | 260p. |
| Dimensions | 18 cms. |
| 942 ## - ADDED ENTRY ELEMENTS (KOHA) | |
| Source of classification or shelving scheme | Dewey Decimal Classification |
| Item type | English Books |
| Classification part | 340.112 |
| Call number suffix | IYE |
| Withdrawn status | Lost status | Not for loan | Collection code | Home library | Current library | Date acquired | Cost, normal purchase price | Full call number | Barcode | Cost, replacement price | Koha item type |
|---|---|---|---|---|---|---|---|---|---|---|---|
| Non-fiction | Sarojini Nagar | Sarojini Nagar | 24/05/2012 | 0.00 | 340.112 IYE | A-759317 | 0.00 | English Books |
